000 00474nam a2200181Ia 4500
005 20250317120626.0
008 008 250317s9999 xx 000 0 eng d
037 _aTextbook
040 _aFMSL
_beng
_cFMSL
041 _aeng
_2eng
084 _aX9S P0;1
_qFMSL
100 _aKumar S
245 0 _aCorporate goverce
260 _aNew Delhi
_bNew Delhi, Galgotia
_c2000
300 _a201p
942 _cTB
_hX9S P0;1
999 _c1239600
_d1239600